NDU-K Library Catalogue

Girl in a jacket 

A Dedicate Balance (Record no. 23698)

MARC details
000 -LEADER
fixed length control field 00532nam a22001697a 4500
003 - CONTROL NUMBER IDENTIFIER
control field OSt
005 - DATE AND TIME OF LATEST TRANSACTION
control field 20260416080919.0
008 - FIXED-LENGTH DATA ELEMENTS--GENERAL INFORMATION
fixed length control field 260416b |||||||| |||| 00| 0 eng d
020 ## - INTERNATIONAL STANDARD BOOK NUMBER
International Standard Book Number 978-99944-975-4-6
040 ## - CATALOGING SOURCE
Transcribing agency ipstc
050 ## - LIBRARY OF CONGRESS CALL NUMBER
Classification number HD2124
Item number .D45 2014
100 ## - MAIN ENTRY--PERSONAL NAME
Personal name Berhe,G. Mulugeta
Relator term editor
245 ## - TITLE STATEMENT
Title A Dedicate Balance
Remainder of title Land Use,Minority Rights and Social Stability in the Horn of Africa
260 ## - PUBLICATION, DISTRIBUTION, ETC.
Place of publication, distribution, etc. Addis Ababa,Ethiopia
Name of publisher, distributor, etc. Institute for Peace and Security Studies
Date of publication, distribution, etc. 2014
504 ## - BIBLIOGRAPHY, ETC. NOTE
Bibliography, etc. note includes index
942 ## - ADDED ENTRY ELEMENTS (KOHA)
Source of classification or shelving scheme Library of Congress Classification
Koha item type Normal Collection
Suppress in OPAC No
Holdings
Withdrawn status Lost status Source of classification or shelving scheme Damaged status Not for loan Home library Current library Date acquired Inventory number Total Checkouts Full call number Barcode Date last seen Price effective from Koha item type
    Library of Congress Classification     International Peace Support Training Centre (IPSTC) International Peace Support Training Centre (IPSTC) 16/04/2026 1751/2015   HD2124 .D45 2014 200117512015 16/04/2026 16/04/2026 Normal Collection
Copyright © 2026 [National Defence University - Kenya]. All rights reserved.